Jozef Ružička šesťdesiatpäťročný

Podrobná bibliografia
Hlavný autor: Horecký, Ján, 1920-2006 (Autor)
Médium: Článok
Jazyk:slovenčina
Predmet:

MARC

LEADER 00000nab a2200000 a 4500
001 vtls000080961
003 SK-MaSNL
005 20260304060903.0
008 250422c1981 xo 0 slo
015 |a SNBRB19rr/mm-uuuuu 
035 |a CL0091062 
035 |a urn:nbn:sk:snk-abb9pz 
035 |a (urnnbn)urn:nbn:sk:snk:ar-002tzk 
035 |a (uuid)da2b4147-8331-4036-9987-18a08581afa9 
040 |a SNKBUCL  |b slo  |c SNKBUCL  |e AACR2 
041 0 |a slo 
044 |a xo  |c SK 
080 |a 808.54  |2 1981 
080 |a 801  |2 1981 
080 |a 929 Ružička, Jozef  |2 1981 
100 1 |a Horecký, Ján,  |d 1920-2006  |4 aut  |9 105131 
245 1 0 |a Jozef Ružička šesťdesiatpäťročný  |c Ján Horecký 
600 1 7 |a Ružička, Jozef,  |d 1916-1989  |2 snkbucl  |9 86113 
655 7 |a články z novín a časopisov  |2 snkbucl  |9 267496 
773 0 |t Slovenská reč  |g Roč. 46, č. 1 (1981), s. 47 
850 |a Slovenská národná knižnica 
852 |a Slovenská národná knižnica 
954 |a odborná, vedecká literatúra pôvodná (slovenská)  |2 lita 
958 |a article15 
958 |a RK 
958 |a OND 
958 |a EUIPO 
992 |a RBX 
999 |c 2730474  |d 2732404